Terza Declinazione latina - Primo gruppo - Neutro - Statistics

Statistiche generali
  • Questo quiz è stato fatto 17 volte
  • Il punteggio medio è 10 su 12
Statistiche sulle risposte
Caso Singolare % Corretto
Nominativo Nomen
100%
Accusativo Nomen
100%
Vocativo Nomen
100%
Gentivio Nominis
100%
Ablativo Nomine
93%
Dativo Nomini
93%
Dativo Nominĭbus
87%
Nominato Nomĭna
80%
Ablativo Nominĭbus
80%
Genitivo Nominum
80%
Accusativo Nomina
67%
Vocativo Nomina
67%
Nessun quiz corrispondente trovato
Distribuzione punteggi
Percentuale di utenti per punteggio
Percentile per numero di risposta
I tuoi punteggi nel tempo
Non hai fatto questo quiz